000 00390nam a2200169Ia 4500
001 22797
003 IN-NITTTR
005 20251114233257.0
008 251113s9999||||xx |||||||||||||| ||eng||
040 _beng
040 _cIN-NITTTR
041 _aeng
082 _a658.562 J974J
100 _aJuran, J. M.
245 0 _aJuran on planning for quality. /
_cJuran, J. M.
942 _2ddc
_cBK
999 _c25426
_d25426